000
00254nam a22001217a 4500
008
181005b xxu||||| |||| 00| 0 eng d
041
_a
eng
080
_a
201
100
_a
24
101
_a
TEO
245
_a
Thru the Bible
_c
McGee, J.V
942
_2
udc
_c
BK
999
_c
48929
_d
48929